1700 1572 1961 1177 1875 1315 1599 1253 1895 1973 1803 1766 1599 1963 1279 1474 1270 1332 1132 1518 1256 1265 1647 1930 1661 1913 1416 1131 1177 1373 1868 1436 1894 1368 1278 1033 1719 1391 1817 1909 1222 1941 1500 1655 1166 1133 1876 1170 1338 1795 1425 1152 1126 1511 1863 1421 1240 1725 1434 1416 1407 1633 1119 1051 1342 1074 1675 1913 1769 1745 1843 1718 1528 1822 1822 1561 1787 1511 1998 1363 1408 1108 1665 1884 1444 1065 1795 1368 1226 1283 1428 1276 1038 1120 1349 1376 1923 1841 1505 BCNSPRNW ULIB Ver.6.0+V

เปลี่ยนเป็นภาษาไทย

Change to English
 แสดงรายละเอียดบรรณานุกรม
  กลับหน้าหลัก

Brief Record : Get Marc (ISO 2709) : E-mail record : QR code < ปิดหน้าต่าง
LEADER : 00000nam 2200000uu 4500
001    13399126325
003     ULIB
008    180906s2561||||th 000 0 tha d
020    ^a9786162791260
060  4 ^aWY159^bต367 ล.2
110 1  ^aมหาวิทยาลัยมหิดล. ^bคณะพยาบาลศาสตร์. ^bภาควิชาการพยาบาลกุมารเวชศาสตร์.
245 10 ^aตำราการพยาบาลเด็ก^nเล่ม 2 /^cโดยคณาจารย์ภาควิชาการพยาบาลกุมารเวชศาสตร์ คณะพยาบาลศาสตร์ มหาวิทยาลัยมหิดล ;^cศรีสมบูรณ์ มุสิกสุคนธ์...[และคนอื่นๆ]บรรณาธิการ
250    ^aพิมพ์ครั้งที่ 5 (ฉบับปรับปรุงครั้งที่ 2)
260    ^aกรุงเทพฯ :^bโครงการตำรา คระพยาบาลศาสตร์ มหาวิทยาลัยมหิดล,^c2561
300    ^a619-1219หน้า:^bภาพประกอบ;^c30ซม.
650  0 ^aการพยาบาลกุมารเวชศาสตร์
650  0 ^aเด็ก^xการดูแล
650  0 ^aเด็ก^xการเลี้ยงดู
650  0 ^aทารกแรกเกิด^xการดูแล
700 0  ^aศรีสมบูรณ์ มุสิกสุคนธ์,^eบรรณาธิการ
945    ^p0^l0^i26554
945    ^p0^l0^i26553
999    ^aกัณชพร จุลอักษร
รายการนี้ยังไม่มีแท็ก
คุณยังไม่ได้ล็อกอิน คุณสามารถมีกิจกรรมร่วมกับเว็บไซต์ได้ แต่ต้องล็อกอินก่อน ::
  ล็อกอิน

รายการสื่อสารสนเทศ

ลำดับที่ ประเภท เลขเรียก/บาร์โค้ด สถานที่ สถานะ
1. หนังสือสำรอง
หนังสือสำรอง
WY159 ต367 ล.2 ฉ.1 
  Barcode: 26553
ห้องสมุดวิทยาเขตนครสวรรค์
►หนังสือทั่วไป:l:General Books
บนชั้น
2. วิทยาศาสตร์การแพทย์ และสุขภาพ
วิทยาศาสตร์การแพทย์ และสุขภาพ
WY159 ต367 ล.2 ฉ.2 
  Barcode: 26554
ห้องสมุดวิทยาเขตนครสวรรค์
►หนังสือทั่วไป:l:General Books
บนชั้น

รายการใกล้เคียง
    หัวเรื่อง [การพยาบาลกุมารเวชศาสตร์]
    หัวเรื่อง [เด็ก การดูแล]

BibComment


ยังไม่เคยถูกคอมเมนท์

คอมเมนท์ทรัพยากรรายการนี้
  คอมเมนท์: ตำราการพยาบาลเด็..


 Copyright 2026. Bcnsprnw @Library